Analýza účtovnej závierky praktikum

Bibliographic Details
Main Author: Blahušiaková, Miriama, 1980- (Author)
Format: Book
Language:Slovak
PhysicalDescription:114 strán formuláre, tabuľky 30 cm
Published: [Bratislava] Letra Edu 2019
ISBN:9788089962235
Edition:Prvé vydanie
Subjects:

MARC

LEADER 00000cam a2200000 4500
001 vtls011865618
003 SK-MaSNL
005 20260302022342.0
008 210624s2019 xo ka frnp 000 0 slo
015 |a SNBA2019/05 
020 |a 9788089962235  |q (brožované) 
035 |a urn:nbn:sk:snk-am00dl5t 
035 |a urn:nbn:sk:snk-am3i5uz 
035 |a 4633C6E6-D287-4317-8DD8-C17781958E12 
040 |a SNK  |b slo  |c SNK  |e rda 
041 0 |a slo 
044 |a xo  |c SK 
072 7 |a 657  |x Účtovníctvo  |2 konspekt 
080 |a 657  |2 2011 
080 |a 657.37  |2 2011 
080 |a (075.8)  |2 2011 
100 1 |a Blahušiaková, Miriama,  |d 1980-  |4 aut  |9 192910 
245 1 0 |a Analýza účtovnej závierky  |b praktikum  |c Miriama Blahušiaková 
250 |a Prvé vydanie 
264 1 |a [Bratislava]  |b Letra Edu  |c 2019 
300 |a 114 strán  |b formuláre, tabuľky  |c 30 cm 
336 |a text  |b txt  |2 rdacontent 
337 |a bez média  |b n  |2 rdamedia 
338 |a zväzok  |b nc  |2 rdacarrier 
500 |a Miesto vydania podľa NA ISBN 
504 |a Bibliografia na strane 94-95 
650 0 7 |a účtovníctvo  |2 SNKPH  |9 649 
650 0 7 |a účtovná závierka  |2 SNKPH  |9 59787 
650 0 7 |a Accounting  |2 SNKPHeng  |9 266872 
650 0 7 |a Financial statements  |2 SNKPHeng  |9 276137 
655 7 |a učebnice vysokých škôl  |2 SNKPH  |9 70191 
655 7 |a Textbooks (higher)  |2 SNKPHeng  |9 276436 
958 |a 978-80-89962-23-5 
958 |a NB 
999 |c 1032425  |d 1034355 
952 |a SNK  |b SNK  |y PREZ  |7 0  |p 17A1372007  |o snkSB 94147  |i snk2019/13297  |8 0  |0 0  |1 0  |4 0  |d 2019-05-13  |f 1  |l 0  |r 2025-05-15 00:00:00  |w 2026-02-24 
952 |a SNK  |b SNK  |y VYP  |7 0  |p 17A1372008  |o snkSB 94147 D1  |i snk2019/13298  |8 0  |0 0  |1 0  |4 0  |d 2019-05-13  |l 0  |r 2026-02-24 13:58:40  |w 2026-02-24